[Event "COL-ch U2000"]
[Site "Pereira"]
[Date "2019.03.25"]
[Round "8"]
[White "Ospina Loaiza, Jhonny"]
[Black "Barrios, Bernardo"]
[Result "1-0"]
[WhiteElo "1931"]
[BlackElo "1888"]
[PlyCount "137"]
[EventDate "2019.03.21"]
[EventType "swiss"]
[EventRounds "9"]
[EventCountry "COL"]
[SourceTitle "CBM 189 Extra"]
[Source "ChessBase"]
[SourceDate "2019.06.03"]
[SourceVersion "1"]
[SourceVersionDate "2019.06.03"]
[SourceQuality "1"]

1. e4 d5 2. exd5 Qxd5 3. Nc3 Qa5 4. d4 Nf6 5. Bc4 c6 6. Bd2 Qc7 7. Qe2 e6 8. Nf3 Be7 9. Ne5 0-0 10. 0-0-0 b5 11. Bd3 Re8 12. g4 Nbd7 13. g5 Nd5 14. Bxh7+ Kf8 15. f4 c5 16. Qh5 Nxe5 17. dxe5 Rb8 18. Bd3 Bd8 19. Nxb5 Qb7 20. Qh8+ Ke7 21. Qxe8+ Kxe8 22. Nd6+ Ke7 23. Nxb7 Bxb7 24. Rhf1 g6 25. a3 Bb6 26. c4 Nc7 27. Be3 Rh8 28. Rf2 Rh3 29. Kd2 Ne8 30. Bf1 Rh4 31. b4 cxb4 32. c5 Ba5 33. axb4 Bxb4+ 34. Kc2 Bd5 35. Kb2 a5 36. Bb5 Nc7 37. Ba4 Rh3 38. Rd3 Rh8 39. c6 Rh3 40. Rc2 Ke8 41. Rxd5 exd5 42. Bb6 Kd8 43. Re2 Kc8 44. Rf2 Be1 45. Bd1 Rd3 46. Bg4+ Kb8 47. Re2 Rd2+ 48. Kc1 Rxe2 49. Bxe2 Ne6 50. Bg4 a4 51. f5 gxf5 52. Bxf5 Nc7 53. Kb2 a3+ 54. Kxa3 Bc3 55. g6 fxg6 56. e6 Bf6 57. Bxg6 Nxe6 58. Bf5 Nc7 59. Kb4 Be7+ 60. Kc3 Nb5+ 61. Kd3 Bf6 62. h3 d4 63. Bd7 Be5 64. Kc4 Na3+ 65. Kd5 Bf4 66. Bxd4 Kc7 67. Be5+ Bxe5 68. Kxe5 Nc4+ 69. Kf6 1-0

[Event "COL-ch U2000"]
[Site "Pereira"]
[Date "2019.03.23"]
[Round "5"]
[White "Barrios, Bernardo"]
[Black "Lopez Ramirez, David Santiago"]
[Result "1/2-1/2"]
[WhiteElo "1888"]
[BlackElo "1931"]
[PlyCount "79"]
[EventDate "2019.03.21"]
[EventType "swiss"]
[EventRounds "9"]
[EventCountry "COL"]
[SourceTitle "CBM 189 Extra"]
[Source "ChessBase"]
[SourceDate "2019.06.03"]
[SourceVersion "1"]
[SourceVersionDate "2019.06.03"]
[SourceQuality "1"]

1. e4 c6 2. Nc3 d5 3. d4 dxe4 4. Nxe4 Nd7 5. Bc4 Ngf6 6. Ng5 e6 7. Bb3 h6 8. N5f3 Bd6 9. Ne2 Qc7 10. 0-0 0-0 11. Re1 b6 12. c3 Bb7 13. Ng3 c5 14. Qe2 a6 15. a4 Rfe8 16. Bd2 Rac8 17. Rac1 Qb8 18. Bc2 Qa8 19. Ne4 Nxe4 20. Bxe4 Bxe4 21. Qxe4 Qxe4 22. Rxe4 f5 23. Ree1 cxd4 24. Nxd4 Nc5 25. Ra1 Kf7 26. Red1 Kf6 27. b4 Ne4 28. b5 Be5 29. Nc6 Nxd2 30. Nxe5 Kxe5 31. Rxd2 axb5 32. Re1+ Kf6 33. axb5 Rcd8 34. Rxd8 Rxd8 35. Kf1 Rd3 36. Ra1 Ke5 37. Ra6 Rd6 38. Ke2 Kd5 39. Ra7 g5 40. Rc7 1/2-1/2

[Event "Eje Cafetero Region 3rd"]
[Site "Eje Cafetero"]
[Date "2009.03.21"]
[Round "1.29"]
[White "Barrios, Bernardo"]
[Black "Rivera, Leydi Johana"]
[Result "1-0"]
[WhiteElo "1681"]
[BlackElo "1600"]
[PlyCount "47"]
[EventDate "2009.03.21"]
[EventType "swiss"]
[EventRounds "7"]
[EventCountry "COL"]
[SourceTitle "EXT 2024"]
[Source "ChessBase"]
[SourceDate "2023.10.10"]
[SourceVersion "1"]
[SourceVersionDate "2023.10.10"]
[SourceQuality "1"]

1. e4 e5 2. Bc4 Bc5 3. Nc3 Nf6 4. Nf3 0-0 5. 0-0 d5 6. exd5 Ng4 7. h3 Nxf2 8. Rxf2 Bxf2+ 9. Kxf2 c6 10. dxc6 Nxc6 11. d4 exd4 12. Ne4 b6 13. Bf4 Re8 14. Ng3 Bb7 15. Qd3 a5 16. Bb3 h6 17. Qc4 Rc8 18. Qxf7+ Kh7 19. c4 dxc3 20. Bc2+ Kh8 21. Qg6 Kg8 22. Bb3+ Kh8 23. Bxh6 gxh6 24. Qxh6# 1-0